[Event "5th Mediterranean Open"]
[Site "Rijeka CRO"]
[Date "2011.11.17"]
[Round "7.10"]
[White "Muskardin,M"]
[Black "Lazic,Mir"]
[Result "0-1"]
[WhiteElo "2186"]
[BlackElo "2459"]

1.e4 d6 2.d4 Nf6 3.Nc3 e5 4.Nf3 Nbd7 5.Bc4 Be7 6.O-O O-O 7.Re1 c6 8.a4 a5
9.h3 exd4 10.Qxd4 Nc5 11.Bf4 Ne8 12.Rad1 Ne6 13.Bxe6 fxe6 14.Bg3 Qc7 15.Nd2 e5
16.Qe3 Be6 17.b3 Nf6 18.Nc4 Nh5 19.Bh2 Nf4 20.Qb6 Qxb6 21.Nxb6 Ra6 22.Bxf4 Rxf4
23.Nc4 Bxc4 24.bxc4 Rb6 25.Rb1 Rb4 26.Rxb4 axb4 27.Na2 d5 28.cxd5 Bc5 29.Re2 cxd5
30.Nc1 dxe4 31.Nb3 Bb6 32.Nd2 Rxf2 33.Rxf2 e3 34.Kf1 exf2 35.Nc4 Bd4 36.a5 Kf7
37.Nd6+ Ke6 38.Nxb7 Kd7 39.a6 Kc7 40.Na5 Kb6 41.a7 Kxa7 42.Nc6+ Kb6 43.Nxb4 e4
44.c3 Kb5 45.Nd5 Kc4  0-1

[Event "5th Mediterranean Open"]
[Site "Rijeka CRO"]
[Date "2011.11.17"]
[Round "7.16"]
[White "Monjac,M"]
[Black "Dumpor,A"]
[Result "1/2-1/2"]
[WhiteElo "2013"]
[BlackElo "2373"]

1.e4 d6 2.d4 Nf6 3.Nc3 c6 4.f4 b5 5.Bd3 e5 6.Nf3 exd4 7.Ne2 a6 8.e5 Nd5 9.O-O Ne3
10.Bxe3 dxe3 11.Qe1 d5 12.c3 Nd7 13.Rd1 Nc5 14.Bc2 Qb6 15.Qg3 b4 16.Nfd4 bxc3
17.bxc3 Ne6 18.Qxe3  1/2-1/2

[Event "15th Zenica Int"]
[Site "Zenica BIH"]
[Date "2011.11.17"]
[Round "7.5"]
[White "Radic,B"]
[Black "Kojic,T"]
[Result "1-0"]
[WhiteElo "2165"]
[BlackElo "2289"]

1.e4 d6 2.d4 Nf6 3.Nc3 c6 4.a4 e5 5.dxe5 dxe5 6.Qxd8+ Kxd8 7.Bc4 Bb4 8.Bd2 Ke7
9.Nf3 Nbd7 10.O-O-O a5 11.Rhe1 Re8 12.Ng5 h6 13.Nf3 Kf8 14.Na2 Bc5 15.Re2 Nb6
16.Bb3 Be6 17.Bxe6 Rxe6 18.b3 Nbd7 19.Kb1 Rd6 20.Nc1 Bd4 21.Nd3 b5 22.c3 Bb6
23.Nfxe5 Rd8 24.Kc2 Nc5 25.Nxc5 Bxc5 26.f4 Bb6 27.Nf3 Ng4 28.h3 Nf2 29.Be3 Rxd1
30.Bxb6 Nh1 31.Bxd8 Rxd8 32.Nd4 bxa4 33.bxa4 Rc8 34.Re3 g5 35.g3 Nf2 36.fxg5 hxg5
37.g4 Kg7 38.e5 c5 39.Nf5+ Kh7 40.Nd6 Rc7 41.Rf3 Nh1 42.Nxf7  1-0

[Event "TCh-FIN SM-Liiga 2011-12"]
[Site "Joensuu FIN"]
[Date "2011.11.19"]
[Round "5.7"]
[White "Aakio,S"]
[Black "Porrasmaa,T"]
[Result "1-0"]
[WhiteElo "2070"]
[BlackElo "2124"]

1.e4 d6 2.d4 Nf6 3.Nc3 e5 4.dxe5 dxe5 5.Qxd8+ Kxd8 6.a3 c6 7.Bc4 Ke8 8.Nf3 Bd6
9.b4 Nbd7 10.O-O b5 11.Rd1 Bc7 12.Bb3 Ke7 13.a4 bxa4 14.Bxa4 Bb7 15.Ba3 Rhd8
16.Bxc6 Bxc6 17.b5+ Ke8 18.bxc6 Nf8 19.Nd5 Ne6 20.Nxc7+ Nxc7 21.Nxe5 Rxd1+
22.Rxd1 Ne6 23.f3 Rc8 24.Bb4 Nd8 25.Nc4 Rxc6 26.Nd6+  1-0

[Event "TCh-BEL 2011-12"]
[Site "Belgium BEL"]
[Date "2011.11.20"]
[Round "4.3"]
[White "Kaufeld,J"]
[Black "Docx,S"]
[Result "1-0"]
[WhiteElo "2261"]
[BlackElo "2328"]

1.e4 d6 2.d4 Nf6 3.Nc3 e5 4.Nge2 Be7 5.g3 Nbd7 6.Bg2 c6 7.O-O b5 8.h3 h5
9.Be3 Bb7 10.Qe1 O-O 11.Rd1 Qc7 12.f4 Rfe8 13.dxe5 dxe5 14.Qf2 a5 15.Bf3 b4
16.Nb1 c5 17.Nd2 c4 18.Qg2 c3 19.bxc3 bxc3 20.Nb1 Bc5 21.Bxc5 Qxc5+ 22.Kh2 Rac8
23.Nbxc3 Ba6 24.Nd5 Bxe2 25.Qxe2 exf4 26.Nxf6+ Nxf6 27.gxf4 Qxc2 28.Rd2 Qa4
29.Re1 Qb4 30.Qg2 Rc3 31.Rde2 Qd4 32.Rd2 Qb4 33.Rde2 Qc4 34.Rg1 g6 35.f5 Qc7+
36.Kh1 Qf4 37.Rf1 g5 38.Bxh5 Qh4 39.Bf3 Nxe4 40.Rg1 f6 41.Rge1 Rxf3 42.Qxf3 g4
43.Qb3+  1-0

[Event "Martin Open"]
[Site "Martin SVK"]
[Date "2011.11.20"]
[Round "7"]
[White "Puskar,J"]
[Black "Liptak,D"]
[Result "1-0"]
[WhiteElo "2015"]
[BlackElo "2081"]

1.e4 d6 2.d4 Nf6 3.Nc3 e5 4.Nf3 Nbd7 5.Bc4 Be7 6.O-O O-O 7.a4 c6 8.Re1 Qc7
9.a5 Rb8 10.Bg5 b5 11.axb6 axb6 12.d5 b5 13.dxc6 bxc4 14.cxd7 Bxd7 15.Bxf6 Bxf6
16.Nd5 Qc6 17.Nxf6+ gxf6 18.Nh4 Ra8 19.Qf3 Rxa1 20.Rxa1 Ra8 21.Rxa8+ Qxa8
22.h3 Qa1+ 23.Kh2 Qxb2 24.Qxf6 Qxc2 25.Qd8+ Kg7 26.Qxd7 Qxe4 27.Nf5+ Kf6
28.Qxf7+  1-0

[Event "3rd Pilsen Open"]
[Site "Plzen CZE"]
[Date "2011.11.20"]
[Round "2"]
[White "Jiruse,J"]
[Black "Karhanek,P"]
[Result "1/2-1/2"]
[WhiteElo "2033"]
[BlackElo "2207"]

1.d4 d6 2.e4 Nf6 3.Nc3 e5 4.dxe5 dxe5 5.Qxd8+ Kxd8 6.Bg5 c6 7.O-O-O+ Ke8
8.Nf3 Nbd7 9.h3 Bb4 10.Bxf6 gxf6 11.Nb1 Bc5 12.Rd2 Nb6 13.Bd3 Be6 14.b3 a5
15.a4 Nd7 16.Kb2 Rg8 17.Nh4 Bf8 18.g3 Nc5 19.Nf5 Nxd3+ 20.Rxd3 Bc5 21.Rf1 Rd8
22.g4 Rxd3 23.cxd3 h5 24.f3 Bxf5 25.exf5 Rh8 26.Rh1 Bb4 27.Nc3 Bxc3+ 28.Kxc3 Kd7
29.b4 axb4+ 30.Kxb4 b6 31.Kc3 Kd6 32.h4 Kd5 33.g5 fxg5 34.hxg5 h4 35.g6 fxg6
36.fxg6 h3 37.Kd2 Rg8 38.Rxh3 Rxg6 39.Ke3 Rg1 40.Rh5 Re1+ 41.Kd2 Ra1 42.Rh4 c5
43.Re4 Rf1 44.Ke2 Rb1 45.f4 exf4 46.Rxf4 Rb2+ 47.Ke3 Kc6 48.Rc4 Ra2 49.Kf3 Kb7
50.d4 cxd4 51.Rxd4 Ka6 52.Rb4 Rd2 53.Ke4 Rd6 54.Rb5 Rd8 55.Rd5 Rh8 56.Kd3 Rh4
57.Kc3 Rxa4 58.Kb3 Rh4  1/2-1/2

[Event "21st World Seniors"]
[Site "Rijeka CRO"]
[Date "2011.11.21"]
[Round "6.11"]
[White "Okhotnik,V"]
[Black "Micheli,C"]
[Result "1-0"]
[WhiteElo "2427"]
[BlackElo "2265"]

1.e4 d6 2.d4 Nf6 3.Nc3 c6 4.f4 Qa5 5.Bd2 Qb6 6.Nf3 d5 7.e5 Ne4 8.Bd3 Bf5
9.O-O e6 10.Qe2 Nxd2 11.Qxd2 Bxd3 12.Qxd3 g6 13.a3 c5 14.Na4 Qc6 15.Nxc5 Bxc5
16.dxc5 Qxc5+ 17.Kh1 Nc6 18.b4 Qb6 19.c4 dxc4 20.Qxc4 O-O 21.Rad1 a6 22.f5 exf5
23.e6 f6 24.g4 f4 25.Qxf4 Rae8 26.Rd7 Nb8 27.Rd6 Qb5 28.Re1 Re7 29.Nd4 Qc4
30.Rf1 Qc7 31.g5 f5 32.Rc1 Nc6 33.Nxc6 Rxe6 34.Rcd1 Re4  1-0

[Event "Caissa IM November 2011"]
[Site "Kecskemet HUN"]
[Date "2011.11.22"]
[Round "5.3"]
[White "Kristinsson,Bj"]
[Black "Meszaros,Gyu"]
[Result "0-1"]
[WhiteElo "2045"]
[BlackElo "2314"]

1.e4 d6 2.d4 Nf6 3.Nc3 c6 4.Be3 e5 5.dxe5 dxe5 6.Qxd8+ Kxd8 7.Nf3 Bd6 8.O-O-O Ke7
9.Bc4 Be6 10.Bxe6 fxe6 11.Ne1 b5 12.f3 Nbd7 13.Nd3 a6 14.a4 Rhb8 15.Rd2 c5
16.Rhd1 c4 17.Nf2 Bb4 18.g4 Rb7 19.g5 Nh5 20.a5 Rf8 21.Ng4 Nf4 22.h4 Ke8
23.Rf2 Nh3 24.Rff1 Ke7 25.Na2 Bxa5 26.Nxe5 Nxe5 27.f4 Nd7 28.Rf3 Nxf4 29.Rxf4 Rxf4
30.Bxf4 e5 31.Bg3 Rb8 32.b4 cxb3 33.cxb3 Rc8+ 34.Kb2 Ke6 35.Rd5 Bb6 36.Rd2 Bd4+
37.Kb1 Nc5 38.Rc2 Rf8 39.Nb4 Rf1+ 40.Rc1 Rxc1+ 41.Kxc1 a5 42.Nc6 Nxb3+ 43.Kc2 Nc5
44.Nxa5 Nxe4 45.Be1 Bf2  0-1

[Event "21st World Seniors"]
[Site "Rijeka CRO"]
[Date "2011.11.22"]
[Round "7.10"]
[White "Kelleher,W"]
[Black "Rukavina,J"]
[Result "1/2-1/2"]
[WhiteElo "2300"]
[BlackElo "2421"]

1.e4 d6 2.d4 Nf6 3.Nc3 e5 4.dxe5 dxe5 5.Qxd8+ Kxd8 6.Bc4 Be6 7.Bxe6 fxe6
8.f3 Bb4 9.Ne2 Nc6 10.Be3 a6 11.O-O-O+ Ke7 12.Rd3 b5 13.Kb1 Rhd8 14.Rhd1 Na5
15.Rxd8 Rxd8 16.Rxd8 Kxd8 17.b3 Nb7 18.Nd1 Nd7 19.c3 Bc5 20.Kc2 Ke7 21.Nc1 Kd6
22.Nd3 Bxe3 23.Nxe3 Nbc5 24.Nb2 c6 25.b4 Nb7 26.a4 c5 27.axb5 axb5 28.Nd3 c4
29.Nf2 Nd8 30.Kd2 Nf7 31.g3 g5 32.Ng2 Ke7 33.Ke3 h5 34.h4 Kf6 35.hxg5+ Kxg5
36.f4+ Kf6 37.Kf3 Nh6 38.g4 exf4 39.Kxf4 Nxg4 40.Nxg4+ hxg4 41.Ne3  1/2-1/2

[Event "TCh-ESP CECLUB Div Honor 2011"]
[Site "Melilla ESP"]
[Date "2011.11.23"]
[Round "4"]
[White "Naiditsch,A"]
[Black "Mchedlishvili,M"]
[Result "0-1"]
[WhiteElo "2712"]
[BlackElo "2636"]

1.e4 d6 2.d4 Nf6 3.Nc3 e5 4.Nge2 c6 5.g3 Be7 6.Bg2 b5 7.O-O Nbd7 8.d5 Qc7
9.dxc6 Qxc6 10.Re1 Bb7 11.Nd5 Nxd5 12.exd5 Qc7 13.a4 bxa4 14.Rxa4 O-O 15.b3 a5
16.Bd2 Nc5 17.Ra3 a4 18.b4 Nd7 19.Nd4 exd4 20.Rxe7 Qd8 21.Re4 Qb6 22.c4 dxc3
23.Bxc3 Ne5 24.Rxa4 Bxd5 25.Rxe5 Bxg2 26.Rea5 Rxa5 27.bxa5 Qc6 28.Qg4 Qxc3
29.Kxg2 Qc6+ 30.f3 Qc2+ 31.Kh3 h5 32.Qe4 Qc8+ 33.Kg2 Re8 34.Qd3 Qc1 35.Ra2 Qc5
36.a6 Ra8 37.Qa3 Qb6 38.a7 d5 39.Qa5 Qb3 40.Qa4 Qb6 41.Qa5 Qb3 42.Qa3 Qb6
43.Qa6 Qb3 44.Qe2 Qb6 45.Ra6 Qc5 46.Qb2 Qc7 47.Qd4 Qc2+ 48.Qf2 Qc4 49.Qa2 Qc7
50.Qa4 Qb7 51.Ra5 Qb2+ 52.Kh3 Qb6 53.Ra6 Qb7 54.Ra5 Qb6 55.Ra6 Qb7 56.Qa3 d4
57.Kg2 d3 58.Kf2 d2 59.Ke2 Rd8 60.Rd6 Qe7+ 61.Kf2 Rxd6 62.a8=Q+ Kh7 63.Qc5 d1=Q  0-1

[Event "Caissa IM November 2011"]
[Site "Kecskemet HUN"]
[Date "2011.11.24"]
[Round "7.3"]
[White "Hou,Qiang"]
[Black "Meszaros,Gyu"]
[Result "1-0"]
[WhiteElo "2322"]
[BlackElo "2314"]

1.e4 d6 2.d4 Nf6 3.Nc3 Nbd7 4.Nf3 e5 5.Bc4 Be7 6.O-O O-O 7.a4 c6 8.h3 b6
9.d5 Bb7 10.Re1 cxd5 11.Bxd5 Bxd5 12.Nxd5 Nxd5 13.Qxd5 Nf6 14.Qb3 Rc8 15.Bg5 Qc7
16.Bxf6 Bxf6 17.Re2 Qc4 18.Qxc4 Rxc4 19.c3 Rd8 20.Nd2 Rc6 21.c4 Bg5 22.Nf3 Bh6
23.b3 g6 24.Ne1 f5 25.f3 Kf7 26.Nd3 Ke6 27.Nb4 Rcc8 28.a5 bxa5 29.Rxa5 Rd7
30.Nd5 Rb7 31.Ra3 Rcb8 32.b4 Rc8 33.Rc2 fxe4 34.fxe4 Rf8 35.Rca2 Rff7 36.Ra6 Bg5
37.c5 Be7 38.c6  1-0

[Event "25th Belgrade Trophy"]
[Site "Obrenovac SRB"]
[Date "2011.11.24"]
[Round "1.5"]
[White "Ocokoljic,Z"]
[Black "Strikovic,A"]
[Result "0-1"]
[WhiteElo "2054"]
[BlackElo "2564"]

1.d4 d6 2.e4 Nf6 3.Nc3 e5 4.dxe5 dxe5 5.Qxd8+ Kxd8 6.Bg5 c6 7.O-O-O+ Nd7
8.Nf3 Ke8 9.a3 Bc5 10.Bxf6 Nxf6 11.Nxe5 Bxf2 12.Bc4 Be6 13.Bxe6 fxe6 14.Nc4 Ke7
15.Rhf1 Ng4 16.h3 Ne3 17.Rxf2 Nxc4 18.Rd4 Ne5 19.Nd1 Rhf8 20.Rxf8 Rxf8 21.Ne3 Rf2
22.Kd1 c5 23.Rd2 Rf4 24.b3 Rxe4 25.Re2 b5 26.c3 a5 27.Nc2 Rxe2 28.Kxe2 Kd6
29.b4 a4 30.Ne3 h5 31.Kd2 h4 32.Ke2 cxb4 33.cxb4 Nc4 34.Nc2 Kd5 35.Kf3 Nd6
36.g4 g5 37.Ke3 Nc4+ 38.Kd3 e5 39.Ke2 Ke4 40.Kf2 Kf4 41.Ne1 Nxa3 42.Nd3+ Ke4
43.Nc5+ Kd5  0-1

[Event "Vizag GM Open"]
[Site "Visakhapatnam IND"]
[Date "2011.11.24"]
[Round "2"]
[White "Andriasian,Z"]
[Black "Koshy,V"]
[Result "1-0"]
[WhiteElo "2619"]
[BlackElo "2276"]

1.e4 d6 2.d4 Nf6 3.Nc3 e5 4.Nf3 exd4 5.Nxd4 g6 6.Bg5 Bg7 7.Qd2 h6 8.Bf4 Nc6
9.Nxc6 bxc6 10.Be2 Ng4 11.O-O Rb8 12.Rab1 Be6 13.h3 Ne5 14.Be3 c5 15.b3 Nc6
16.Nd5 Nd4 17.Bd3 Kf8 18.c3 Nc6 19.f4 Kg8 20.Rbe1 Kh7 21.Bb1 a5 22.f5 Bxd5
23.exd5 Ne5 24.Qc2 Qh4 25.Bf4 Rhg8 26.Re4 Qe7 27.Bg3 Bf6 28.Bxe5 Bxe5 29.Rg4 Qe8
30.h4 Kh8 31.Qd2 g5 32.f6 Bf4 33.Rgxf4 gxf4 34.Qxf4  1-0

[Event "25th Belgrade Trophy"]
[Site "Obrenovac SRB"]
[Date "2011.11.25"]
[Round "2.20"]
[White "Glisic,P"]
[Black "Abramovic,B"]
[Result "0-1"]
[WhiteElo "2170"]
[BlackElo "2450"]

1.e4 d6 2.d4 Nf6 3.Nc3 e5 4.Nf3 Nbd7 5.Bc4 Be7 6.O-O O-O 7.a4 c6 8.a5 Nxe4
9.Nxe4 d5 10.Nxe5 Nxe5 11.dxe5 dxc4 12.Nd6 Bxd6 13.exd6 Be6 14.Qd4 Bd5 15.Bf4 Re8
16.f3 Qh4 17.Qd2 h6 18.Bg3 Qf6 19.Qb4 h5 20.Qc3 Qxc3 21.bxc3 Rad8 22.Rab1 Rd7
23.Rfe1 Re6 24.h4 f6 25.Kf2 Kf7 26.Re3 g5 27.hxg5 fxg5 28.Rbe1 b6 29.axb6 axb6
30.Be5 b5 31.g3 Kg6 32.f4 g4 33.Ra1 Re8 34.Ree1 Kf5 35.Ra6 Rh7 36.Rea1 h4
37.gxh4 Rxh4 38.Ra8 Rh2+ 39.Ke3 Rhh8 40.Rxe8 Rxe8 41.Ra7 Rg8 42.Rg7 Rxg7
43.Bxg7 Be6 44.Be5 Bd7 45.Bd4 Ke6 46.Ke4 Kxd6 47.f5 c5 48.Be5+ Kc6 49.Kf4 Kd5
50.Bg7 Bxf5 51.Kxf5 g3 52.Be5 g2 53.Bh2 b4  0-1

[Event "XII Puhajarve Handicap"]
[Site "Puhajarve EST"]
[Date "2011.11.25"]
[Round "18"]
[White "Kulaots,K"]
[Black "Porrasmaa,T"]
[Result "1/2-1/2"]
[WhiteElo "2577"]
[BlackElo "2129"]

1.e4 d6 2.d4 Nf6 3.Nc3 e5 4.Nf3 Nbd7 5.Bc4 Be7 6.O-O O-O 7.Re1 c6 8.a4 a5
9.h3 Nb6 10.Ba2 Nfd7 11.Be3 exd4 12.Bxd4 Nc5 13.Bxc5 dxc5 14.Qe2 Qd6 15.Rad1 Qh6
16.Ne5 Qg5 17.Nf3 Qh6 18.Qe3 Qxe3 19.Rxe3 c4 20.Nd4 Bc5 21.Ree1 Bd7 22.Kf1 Rad8
23.Nde2 Bc8 24.f4 Be7 25.Kf2 Rxd1 26.Rxd1 Rd8 27.Rxd8+ Bxd8 28.Nd4 Kf8 29.Ke3 Be7
30.b3 Bb4 31.Nd1 Bc5 32.Nb2 cxb3 33.Bxb3 Ke7 34.Nd3 Nd7 35.c3 Bb6 36.Kf3 Nc5
37.Nxc5 Bxc5 38.Bc2 Be6 39.Nxe6 Kxe6 40.Bb3+ Ke7 41.Ke2 b5 42.Kd3 Bf2 43.e5 Bg3
44.Ke4 Be1 45.c4 b4 46.g4 f6 47.exf6+ Kxf6 48.Bc2 h6 49.Bd1 Bf2 50.Bc2 Be1  1/2-1/2

[Event "25th Belgrade Trophy"]
[Site "Obrenovac SRB"]
[Date "2011.11.26"]
[Round "3.5"]
[White "Janev,T"]
[Black "Strikovic,A"]
[Result "0-1"]
[WhiteElo "2366"]
[BlackElo "2564"]

1.d4 d6 2.e4 Nf6 3.Nc3 e5 4.Nf3 Nbd7 5.Bc4 Be7 6.O-O Nb6 7.Be2 exd4 8.Nxd4 O-O
9.a4 a5 10.Bf4 c6 11.Qd3 d5 12.e5 Ne8 13.Nf5 Bb4 14.Bg4 Bxf5 15.Bxf5 g6 16.Bg4 Qh4
17.h3 h5 18.Bg3 Qe7 19.Bf3 Ng7 20.Nd1 Nd7 21.c3 Bc5 22.Re1 Rfe8 23.Qd2 Bd6
24.Be2 Nxe5 25.Ne3 Qc7 26.Bd1 Nd7 27.Bxd6 Qxd6 28.Bc2 Nc5 29.Qd4 Nge6 30.Qf6 Qf4
31.Qxf4 Nxf4 32.h4 Nfe6 33.Red1 Red8 34.b4 Na6 35.b5 Nac5 36.Rdb1 d4 37.cxd4 Rxd4
38.bxc6 bxc6 39.Rb6 Ra6 40.Rb8+ Kg7 41.g3 Kf6 42.Bd1 Rb4 43.Rb1 Rxb1 44.Rxb1 Ke7
45.Nc4 Ra7 46.Bf3 Nd4 47.Bg2 Nxa4 48.Ra1 Nc5 49.Nxa5 Kd7 50.Rd1 Rxa5 51.Rxd4+ Kc7
52.Rf4 f5 53.Rc4 Kb6 54.f3 Ra1+ 55.Bf1 Nd3 56.Rc3 Nb4 57.Kf2 Ra2+ 58.Be2 Nd5
59.Rc1 f4 60.g4 c5 61.Ke1 Ne3 62.Rb1+ Kc7 63.Rc1 Kd6 64.Rb1 hxg4 65.Rb6+ Ke5
66.fxg4 Ng2+ 67.Kf1 Nxh4 68.g5 f3 69.Bd3 Nf5 70.Re6+ Kf4 71.Bxf5 Kxf5 72.Rf6+ Kg4
73.Rxg6 Kg3 74.Re6 Ra1+  0-1

[Event "25th Belgrade Trophy"]
[Site "Obrenovac SRB"]
[Date "2011.11.26"]
[Round "3.21"]
[White "Bressac,S"]
[Black "Indjic,A"]
[Result "0-1"]
[WhiteElo "2212"]
[BlackElo "2411"]

1.e4 d6 2.d4 Nf6 3.Nc3 e5 4.Nge2 Be7 5.g3 c6 6.Bg2 b5 7.a3 O-O 8.O-O Nbd7
9.h3 a5 10.g4 Ba6 11.Ng3 b4 12.Nce2 d5 13.dxe5 Nxe5 14.exd5 Nxd5 15.Re1 Bc5
16.Ne4 Bb6 17.Nf4 b3 18.Nxd5 cxd5 19.Nc3 bxc2 20.Qxd5 Bxf2+ 21.Kxf2 Qh4+  0-1

[Event "25th Belgrade Trophy"]
[Site "Obrenovac SRB"]
[Date "2011.11.26"]
[Round "3.13"]
[White "Sarenac,I"]
[Black "Tadic,Br"]
[Result "1-0"]
[WhiteElo "2327"]
[BlackElo "2486"]

1.e4 d6 2.d4 Nf6 3.Nc3 e5 4.Nge2 Be7 5.g3 c6 6.Bg2 b5 7.O-O Nbd7 8.a3 O-O
9.h3 a5 10.g4 Ba6 11.Ng3 b4 12.Nce2 Ne8 13.Re1 g6 14.Bh6 Ng7 15.Qd2 Qb6 16.axb4 axb4
17.dxe5 Nxe5 18.b3 Bxe2 19.Nxe2 Rfe8 20.Be3 Qb7 21.f4 Nd7 22.Rad1 Rad8 23.Nd4 c5
24.e5 d5 25.Ne2 Nb6 26.Bf2 Qc7 27.Ng3 Bh4 28.Re2 Qe7 29.Ra1 Ne6 30.Kh2 Qc7
31.Nh5 Be7 32.f5 gxh5 33.fxe6 fxe6 34.gxh5  1-0

[Event "47th American Open"]
[Site "Orange USA"]
[Date "2011.11.26"]
[Round "5"]
[White "Khachiyan,M"]
[Black "Akobian,V"]
[Result "0-1"]
[WhiteElo "2474"]
[BlackElo "2612"]

1.e4 d6 2.d4 Nf6 3.Nc3 Nbd7 4.Nf3 e5 5.Bc4 Be7 6.O-O O-O 7.Re1 c6 8.a4 Qc7
9.Bg5 h6 10.Bh4 b6 11.h3 Bb7 12.Ba2 a6 13.d5 c5 14.Bc4 Rfe8 15.Nd2 Nf8 16.Bf1 Ng6
17.Bg3 Bc8 18.f3 Nh5 19.Bf2 Bh4 20.Nc4 Bxf2+ 21.Kxf2 Qd8 22.Qd2 Ngf4 23.Rab1 Rb8
24.b4 cxb4 25.Rxb4 Qh4+ 26.Kg1 Bxh3 27.gxh3 Qg3+ 28.Kh1 Qxf3+  0-1

[Event "21st World Seniors"]
[Site "Rijeka CRO"]
[Date "2011.11.26"]
[Round "11.29"]
[White "Micheli,C"]
[Black "Emeljashin,Y"]
[Result "1/2-1/2"]
[WhiteElo "2265"]
[BlackElo "2101"]

1.e4 d6 2.d4 Nf6 3.Nc3 c6 4.h3 Qa5 5.Bd3 e5 6.Nf3 Nbd7 7.O-O Be7 8.Re1 O-O
9.a4 Re8 10.Bd2 Qc7 11.a5 Nf8 12.b4 Be6 13.Ne2 exd4 14.Nexd4 c5 15.Nb5 Qc8
16.bxc5 dxc5 17.Bf4 c4 18.Bf1 Rd8 19.Qb1 Ng6 20.Bh2 Rd7 21.c3 Nh5 22.Qc1 Nf6
23.Ng5 Nf8 24.Nd4 Bc5 25.Ngxe6 Nxe6 26.Nxe6 fxe6 27.Ra4 Rf7 28.Bf4 b5 29.axb6 axb6
30.Rxa8 Qxa8 31.Bxc4 Nxe4 32.Bxe6 Bxf2+ 33.Kh2 Bxe1 34.Qxe1 Kf8 35.Bxf7 Kxf7
36.Qf1 Qc6 37.Qf3 Qe6 38.Be5+ Nf6 39.Bd4 Qd6+ 40.Kg1 Qe6  1/2-1/2

[Event "34th ch-GRE w"]
[Site "Athens GRE"]
[Date "2011.11.27"]
[Round "2"]
[White "Ikonomopoulou,M"]
[Black "Fakhiridou,E"]
[Result "0-1"]
[WhiteElo "2129"]
[BlackElo "2180"]

1.e4 d6 2.d4 Nf6 3.Nc3 Nbd7 4.Nf3 e5 5.Bc4 Be7 6.O-O O-O 7.Re1 c6 8.a4 b6
9.h3 a6 10.Ba2 Bb7 11.dxe5 dxe5 12.Nh4 b5 13.Nf5 b4 14.Nb1 Nc5 15.Qxd8 Bxd8
16.Be3 Nfd7 17.Nd2 Bc7 18.Nc4 Nxe4 19.Bh6 gxh6 20.Rxe4 Nf6 21.Nxh6+ Kg7 22.Nf5+ Kh8
23.Re2 Rad8 24.Nxe5 Nd5 25.Rae1 Bc8 26.Nxc6 Nf4 27.Nxd8 Nxe2+ 28.Rxe2 Rxd8
29.Ne3 f5 30.g3 Bb7 31.Re1 Be4 32.Bc4 a5 33.Bd3 Bxd3 34.cxd3 f4 35.Nf5 fxg3
36.fxg3 Kg8 37.d4 Bb6 38.Rd1 Kf7 39.Kg2 Ke6 40.g4 Kd5 41.Rc1 Ke4 42.Rc6 Ba7
43.Rc7 Bb6 44.Rxh7 Bxd4 45.Nxd4 Rxd4 46.Rf7 b3 47.g5 Rd2+ 48.Rf2 Rc2 49.h4 Ke3
50.Kg3 Rxf2 51.g6 Rf1 52.Kg4 Rb1 53.h5 Rxb2 54.h6 Rg2+ 55.Kh5 b2  0-1

[Event "TCh-CZE Liga1 Vychod"]
[Site "Czech Rep CZE"]
[Date "2011.11.27"]
[Round "4"]
[White "Mojzis,Jar"]
[Black "Obsivac,J"]
[Result "1-0"]
[WhiteElo "2219"]
[BlackElo "2274"]

1.d4 d6 2.e4 Nf6 3.Nc3 c6 4.h3 Nbd7 5.Nf3 e5 6.a4 a5 7.Be2 Be7 8.O-O O-O
9.Re1 Re8 10.Bf1 Qc7 11.g3 Bf8 12.Bg2 b6 13.d5 cxd5 14.exd5 Nc5 15.Bg5 Bd7
16.Kh2 Qd8 17.Be3 Rc8 18.Nd2 Bf5 19.Nb5 Qd7 20.b3 Rb8 21.Nc4 Rec8 22.Qe2 Bg6
23.Rac1 h6 24.Rcd1 Bh5 25.g4 Bg6 26.Bc1 Re8 27.Be3 Rec8 28.Bc1 Rb7 29.Be3 Ne8
30.f4 exf4 31.Bxf4 Qd8 32.Qf2 Nxa4 33.Rxe8 Qxe8 34.Nbxd6 Bxd6 35.Nxd6 Qd7
36.Nxc8 Nc3 37.Re1 Qxc8 38.d6 Rd7 39.Qxb6 a4 40.Qc6 Qxc6 41.Bxc6 Rd8 42.bxa4 Bxc2
43.d7  1-0

[Event "TCh-CZE Liga 1 Zapad"]
[Site "Czech Rep CZE"]
[Date "2011.11.27"]
[Round "4.1"]
[White "Petr,Ma"]
[Black "Priehoda,V"]
[Result "1-0"]
[WhiteElo "2526"]
[BlackElo "2388"]

1.e4 d6 2.d4 Nf6 3.Nc3 e5 4.Nf3 Nbd7 5.Bc4 Be7 6.O-O O-O 7.Re1 c6 8.a4 a5
9.b3 h6 10.Bb2 Qc7 11.Bd3 Re8 12.Ne2 Bf8 13.Ng3 exd4 14.Bxd4 Ne5 15.h3 Nxd3
16.Qxd3 Nd7 17.Nh4 Nc5 18.Qf3 Ne6 19.Bb2 d5 20.exd5 cxd5 21.Nhf5 Qxc2 22.Re2 Ng5
23.Rxc2 Nxf3+ 24.gxf3  1-0

[Event "TCh-HUN 2011-12"]
[Site "Komarom HUN"]
[Date "2011.11.27"]
[Round "4"]
[White "Bokros,A"]
[Black "Nevednichy,V"]
[Result "1/2-1/2"]
[WhiteElo "2452"]
[BlackElo "2540"]

1.e4 d6 2.d4 Nf6 3.Nc3 e5 4.Nf3 Nbd7 5.Bc4 Be7 6.O-O O-O 7.Re1 a6 8.a4 b6
9.b3 Bb7 10.d5 h6 11.Qe2 Nh7 12.Be3 Bg5 13.Na2 Bxe3 14.Qxe3 Ndf6 15.Nb4 a5
16.Nd3 Bc8 17.Bb5 Ng4 18.Qe2 g6 19.Bc6 Rb8 20.h3 Ngf6 21.Nd2  1/2-1/2

[Event "25th Belgrade Trophy"]
[Site "Obrenovac SRB"]
[Date "2011.11.27"]
[Round "4.25"]
[White "Kiroski,T"]
[Black "Starcevic,G"]
[Result "0-1"]
[WhiteElo "2351"]
[BlackElo "2148"]

1.e4 d6 2.d4 Nf6 3.Nc3 e5 4.dxe5 dxe5 5.Qxd8+ Kxd8 6.Bg5 Nd7 7.O-O-O c6 8.Bc4 Ke8
9.f3 Bb4 10.Nge2 h6 11.Be3 Ba5 12.Kb1 b5 13.Bb3 Bc7 14.g4 a5 15.a4 b4 16.Na2 Ba6
17.Ng3 g6 18.h4 c5 19.Bd5 Nxd5 20.exd5 Bd6 21.h5 Bf8 22.Nc1 c4 23.Rhe1 Kd8
24.hxg6 fxg6 25.Ne4 Bg7 26.Nc5 Nxc5 27.Bxc5 Kd7 28.Ne2 Rhc8 29.Bb6 c3 30.Ng3 b3
31.bxc3 Rxc3 32.Kb2 Rxf3 33.Ne4 bxc2 34.Kxc2 Rc8+ 35.Nc5+ Kd6 36.Kb1 Rxc5
37.Bxc5+ Kxc5 38.d6 Bd3+  0-1

[Event "25th Belgrade Trophy"]
[Site "Obrenovac SRB"]
[Date "2011.11.28"]
[Round "5.5"]
[White "Anton,T"]
[Black "Strikovic,A"]
[Result "0-1"]
[WhiteElo "2380"]
[BlackElo "2564"]

1.d4 d6 2.e4 Nf6 3.Nc3 e5 4.Nf3 Nbd7 5.Bc4 Be7 6.O-O Nb6 7.Bb3 exd4 8.Qxd4 O-O
9.a4 a5 10.h3 Nfd7 11.Bf4 Bf6 12.Qd2 Nc5 13.Rfe1 Re8 14.Rad1 Be6 15.Bxe6 Nxe6
16.e5 Nc4 17.Qc1 Nxf4 18.exf6 Qxf6 19.Rxe8+ Rxe8 20.Rd4 Nxh3+ 21.gxh3 Qxf3
22.Rxc4 Re6 23.Rg4 Qxh3 24.Rg3 Qh4 25.Qd1 c6 26.Rg4 Qh6 27.Ne2 f5 28.Rg2 Qf6
29.Nf4 Re7 30.Rg3 g6 31.Qh5 Kg7 32.Kg2 Re4 33.Qf3 Qh4 34.Nd3 Rxa4 35.Rh3 Qg4+
36.Qxg4 Rxg4+ 37.Kf3 Rc4 38.c3 a4 39.Ke2 Re4+ 40.Kf3 g5 41.Rh1 c5 42.Rd1 h5
43.Nc1 Re6 44.Rd5 Kf6 45.Nd3 h4 46.Kg2 b5 47.Kf3 c4 48.Nb4 g4+ 49.Kg2 Re2
50.Kf1 Rxb2 51.Rxb5 Kg5 52.Ra5 h3 53.Kg1 Rb1+  0-1

[Event "34th ch-GRE w"]
[Site "Athens GRE"]
[Date "2011.11.29"]
[Round "4"]
[White "Ikonomopoulou,M"]
[Black "Pambalou,F"]
[Result "0-1"]
[WhiteElo "2129"]
[BlackElo "2104"]

1.e4 d6 2.d4 Nf6 3.Nc3 e5 4.Nf3 Nbd7 5.Bc4 Be7 6.O-O O-O 7.Re1 c6 8.a4 h6
9.h3 Re8 10.b3 Bf8 11.Bb2 exd4 12.Nxd4 Nc5 13.Qf3 Be6 14.Nxe6 Nxe6 15.Rad1 Nd7
16.Qg3 Qg5 17.Qxg5 hxg5 18.Ba3 Nec5 19.b4 Ne6 20.Ne2 Nf6 21.Ng3 Nf4 22.Bb2 N4h5
23.Nxh5 Nxh5 24.f3 Nf4 25.e5 d5 26.Bf1 Bxb4 27.c3 Bc5+ 28.Kh2 Bf2 29.g3 Bxe1
30.gxf4 Bf2 31.fxg5 Rxe5 32.Kg2 Bb6 33.h4 Rae8 34.c4 Re2+ 35.Bxe2 Rxe2+ 36.Kh3 Rxb2
37.cxd5 cxd5 38.Rxd5 g6 39.a5 Bf2 40.h5 gxh5 41.f4 a6 42.f5 Rb5 43.Rd8+ Kh7
44.g6+ fxg6 45.f6 Bc5 46.Rd7+ Kg8 47.Rg7+ Kf8 48.Kh4 Bf2+ 49.Kh3 Be1  0-1

[Event "8th Vasylyshyn Mem GM"]
[Site "Lviv UKR"]
[Date "2011.11.30"]
[Round "2"]
[White "Tregubov,V"]
[Black "Semcesen,D"]
[Result "1/2-1/2"]
[WhiteElo "2397"]
[BlackElo "2490"]

1.e4 d6 2.d4 Nf6 3.Nc3 Nbd7 4.f4 e5 5.Nf3 exd4 6.Qxd4 c6 7.Be3 d5 8.O-O-O Bc5
9.Qd2 Bb4 10.exd5 Nxd5 11.Bd4 O-O 12.a3 Nxc3 13.Bxc3 Bxc3 14.Qxc3 Qf6  1/2-1/2

[Event "25th Belgrade Trophy"]
[Site "Obrenovac SRB"]
[Date "2011.11.30"]
[Round "7.14"]
[White "Sarenac,I"]
[Black "Abramovic,B"]
[Result "1-0"]
[WhiteElo "2327"]
[BlackElo "2450"]

1.e4 d6 2.d4 Nf6 3.Nc3 e5 4.Nf3 Nbd7 5.g4 c6 6.g5 Ng8 7.Bc4 Qc7 8.Be3 Nb6
9.Bb3 Bg4 10.dxe5 dxe5 11.a4 Bb4 12.Qe2 Ne7 13.O-O-O Bxc3 14.bxc3 O-O 15.Bc5 Nbc8
16.Rhg1 Bh5 17.Rg3 b6 18.Ba3 c5 19.Qd3 a5 20.Rh3 Ng6 21.Qf1 Nf4 22.Rg3 Nd6
23.Re1 c4 24.Bxd6 Qxd6 25.Qxc4 Rac8 26.Qf1 Rxc3 27.Nd2 Rfc8 28.Ree3 R3c5
29.Nb1  1-0

[Event "25th Belgrade Trophy"]
[Site "Obrenovac SRB"]
[Date "2011.11.30"]
[Round "7.19"]
[White "Lazic,Z"]
[Black "Janev,T"]
[Result "0-1"]
[WhiteElo "2216"]
[BlackElo "2366"]

1.e4 d6 2.d4 Nf6 3.Nc3 e5 4.Nf3 Nbd7 5.Bc4 Be7 6.Be3 O-O 7.Qe2 c6 8.a4 Nxe4
9.Nxe4 d5 10.Nc3 exd4 11.Nxd4 dxc4 12.Qxc4 Ne5 13.Qe2 Ng4 14.O-O Bc5 15.Rfd1 Qc7
16.g3 Nxe3 17.Qxe3 Bg4 18.Qg5 Bxd1 19.Qxc5 Bg4 20.Re1 Rae8 21.Rf1 Re5 22.Qc4 Bh3
23.Rd1 Rd8 24.Nf3 Rxd1+ 25.Nxd1 Re8 26.Ne3 Be6 27.Qc3 h6 28.Nd4 Qe5 29.Qb4 c5
30.Qb5 Bd7 31.Qxd7 cxd4 32.Nd5 b6 33.h4 Re6 34.b4 Rd6 35.Qc8+ Kh7 36.Nf4 Qe1+
37.Kg2 Qe4+ 38.f3 Rc6 39.Qd7 Qxc2+ 40.Kh3 Qc4 41.h5 Rf6 42.Kg4 d3 43.b5 Rxf4+  0-1